00920nam a2200217 a 450000100100000000500170001000800410002702000150006804000250008308200150010810000200012324502760014326000510041930000320047049000340050250000340053670000190057070000390058970000410062883000330066900003645120200930075734.0120118s1984 sp 000 0 spa d a8425506824 aDO-SdBNPbspacBNPHU axxxxbA1111 aAaker, David A.10aManagement de la publicidad :bperspectivas prácticas /cDavid A. Aaker, John G. Myers ; prólogo por Josep Chías i Suriol ; edición compilada y adaptada por Roberto M. Alvarez del Blanco traducida por María A. Salerno de Alvarez y Roberto M. Alvarez del Blanco. aBarcelona :bEditorial Hispano Europea,c1984. av. :bils., retr. ;c22 cm.1 aEsadeaEstudios de la empresa aLa biblioteca posee el tomo 21 aMyers, John G.1 aChías i Suriol, Josep.,epról.1 aAlvarez del Blanco, Roberto M.,eed. 0aESADEpEstudios de la empres